| 000 | 00781cam a2200217 i 4500 | ||
|---|---|---|---|
| 005 | 20251123103335.0 | ||
| 008 | 250721s2010 jo gr 000 0 ara d | ||
| 020 | _a9789957331818 | ||
| 082 | 1 | 4 |
_a211.2 _bش ن ا |
| 100 | 1 |
_aالشنابلة، محمد عطا _eمؤلف. |
|
| 245 | 1 | 2 |
_aالتجريد لقواعد التجويد / _cإعداد خادم كتاب الله الشيخ محمد عطا الشنايلة. |
| 250 | _aالطبعة الاولى. | ||
| 264 | 3 | 1 |
_aعمان : _bالوراق للنشر والتوزيع، _c2010. |
| 300 | _a250 صفحة. | ||
| 650 | 1 | 7 | _aالاسلام. |
| 650 | 1 | 7 | _aالقرآن الكريم. |
| 650 | 1 | 7 | _aقراءة القرآن. |
| 653 | _aأحكام التجويد | ||
| 942 |
_2ddc _cBK |
||
| 999 |
_c123604 _d123604 |
||